00823nac a22002657a 4500001001000000003000900010005001700019008003400036040005400070072000800124100001500132110007700147245005400224260003600278300001000314490010400324500001200428650001400440650001000454650001500464650001800479650002300497650001700520650002000537BR8301857BR-BrBNA20240105115650.0230509b bl.|||m| |||| 00| 0 por d aBR-BrBNAbporcBiblioteca Nacional de Agricultura aL301 aVilela, H.1 aEmpresa Brasileira de Assistencia Tecnica e Extensao Rural, Brasilia, DF1 aUtilizacao de excrementos de aves para ruminantes3 aBrasilia, DF (Brasil): c1983.  a40 p. aInformacoes Tecnicas - Empresa Brasileira de Assistencia Tecnica e Extensao Rural (Brazil)vno. 2x a40 ref. aRUMINANTE aRACAO aEXCREMENTO aAVE DOMESTICA aCAMA DE GALINHEIRO aCONFINAMENTO aVALOR NUTRITIVO